书目信息 |
| 题名: |
日本社会文化全掌握
|
|
| 作者: | 连业良 编著 | |
| 分册: | ||
| 出版信息: | 大连 大连理工大学出版社 2008.03 |
|
| 页数: | 325页 | |
| 开本: | 20cm | |
| 丛书名: | ||
| 单 册: | ||
| 中图分类: | G131.3 | |
| 科图分类: | ||
| 主题词: | 文化事业--概况--世界 , 文化事业--基本建设 | |
| 电子资源: | ||
| ISBN: | 7-5611-3885-7 | |
| 000 | 00634nam0 2200205 450 | |
| 001 | 2261303948 | |
| 005 | 20220927170551.40 | |
| 010 | @a7-5611-3885-7@dCNY16.80 | |
| 100 | @a20220927d2008 km y0chiy0120 ea | |
| 101 | 0 | @achi |
| 102 | @aCN | |
| 200 | 1 | @a日本社会文化全掌握@ARi Ben She Hui Wen Hua Quan Zhang Wo@f连业良编著@FLian Ye Liang Bian Zhu |
| 210 | @a大连@c大连理工大学出版社@d2008.03 | |
| 215 | @a325页@d20cm | |
| 606 | 0 | @a文化事业@x概况@x世界 |
| 606 | 0 | @a文化事业@x基本建设 |
| 690 | @aG131.3@v4 | |
| 701 | 0 | @a连业良@ALian Ye Liang@4编著 |
| 801 | 0 | @aCN@b大连网信软件有限公司图书馆·11@c20220927 |
| 905 | @aZUCC@dG131.3@eW2 | |
| 日本社会文化全掌握/连业良编著.-大连:大连理工大学出版社,2008.03 |
| 325页;20cm |
| ISBN 7-5611-3885-7:CNY16.80 |
| ● |
| 相关链接 |
|
|
|
|
正题名:日本社会文化全掌握
索取号:G131.3/W2
 
预约/预借
| 序号 | 登录号 | 条形码 | 馆藏地/架位号 | 状态 | 备注 |
| 1 | 0711558 | 207115584 | 密集书库-文学院/ [索取号:G131.3/W2] | 在馆 |